[Event "Bogota Mila Memorial op"]
[Site "Bogota"]
[Date "2009.04.??"]
[Round "4"]
[White "Guerrero, Javier Eduardo"]
[Black "Ospina, Jhonny"]
[Result "0-1"]
[WhiteElo "2094"]
[BlackElo "2010"]
[PlyCount "108"]
[EventDate "2009.04.??"]
[EventType "swiss"]
[EventRounds "9"]
[EventCountry "COL"]
[SourceTitle "EXT 2014"]
[Source "ChessBase"]
[SourceDate "2013.11.20"]
[SourceVersion "1"]
[SourceVersionDate "2013.11.20"]
[SourceQuality "1"]

1. e4 c5 2. Nf3 a6 3. b3 Nc6 4. Bb2 e6 5. g3 Qc7 6. Bg2 Nf6 7. e5 Ng4 8. Qe2 f6 9. exf6 Nxf6 10. 0-0 Be7 11. d3 0-0 12. Nbd2 b5 13. Ne5 Bb7 14. Nxc6 Bxc6 15. Bxc6 Qxc6 16. Nf3 Ng4 17. Nd2 Bf6 18. c3 Ne5 19. f4 Ng6 20. Ne4 Be7 21. Rae1 Rf5 22. c4 Raf8 23. Qg2 h5 24. Nc3 Qxg2+ 25. Kxg2 Bf6 26. Nd1 Bxb2 27. Nxb2 Ne7 28. Nd1 Nc6 29. Ne3 R5f6 30. Nc2 b4 31. Rd1 e5 32. fxe5 Rxf1 33. Rxf1 Rxf1 34. Kxf1 Kf7 35. Ke2 Ke6 36. Ke3 Kxe5 37. h3 a5 38. Kf2 Nd4 39. Ne3 g6 40. h4 d6 41. Nd5 Nf5 42. Nf4 Ne7 43. Ke3 Nf5+ 44. Kf2 Kd4 45. Nxg6 Kxd3 46. Nf4+ Kc2 47. Nxh5 Kb2 48. Nf6 Kxa2 49. h5 Kxb3 50. g4 Ne7 51. Nd5 a4 52. Nxe7 a3 53. Nf5 a2 54. h6 a1Q 0-1